00590nam a2200157 a 450000100100000000500170001000800410002704000250006810000280009324501060012126000540022730000200028104900090030195201050031099900170041500002783820210628132527.0110405s1995 dr 000 0 spa d aDO-SdBNPbspacBNPHU1 aRathe, Magdalena93684210aOferta de srvicios microfinancieros en la República Dominicana :binforme final /cMagdalena Rathe. aSanto Domingo :bEdiciones Computarizadas,c1995. a53 p. :b27 cm. aBNPD 0010718PDaPDbPDcCTd2011-04-05iLF1l0o p27838-10r2020-06-25w2020-06-25yLFPDZNo se presta c27330d27330